Loading...
| Religion | 0 | 3 | 0 | 1 | 30 | 74 | 111.33 | 0 | 1 | 4.43 | 8.33 |
| Mythology | 0 | 3 | 1 | 2 | 25 | 56 | 83.00 | 2 | 2 | 10.09 | 19.44 |
| History - World | 0 | 1 | 0 | 1 | 10 | 122 | 122.00 | 0 | 0 | 0.00 | 1.39 |
| Literature - American | 0 | 1 | 0 | 0 | 10 | 78 | 78.00 | 0 | 1 | 3.62 | 4.17 |
| Other Academic | 0 | 1 | 0 | 1 | 10 | 131 | 131.00 | 0 | 0 | 1.84 | 25.00 |
| Fine Arts - Painting and Sculpture | 0 | 1 | 0 | 1 | 10 | 142 | 142.00 | 0 | 0 | 0.06 | 1.39 |
| History - American | 0 | 1 | 0 | 1 | 10 | 121 | 121.00 | 0 | 0 | 0.07 | 2.78 |
| Science - Physics | 0 | 1 | 0 | 1 | 10 | 122 | 122.00 | 0 | 0 | 0.00 | 1.39 |
| Literature - World | 0 | 0 | 0 | 0 | 0 | 0.00 | 0 | 0 | 0.00 | 0.00 |